000 00750nas a2200229 i 4500
001 1668
003 ES-MaACL
005 20250729062612.0
007 t|
008 950801d19391949po | | 1 ||pa d
080 _a469
245 0 0 _aPortugal
_b: boletín de informaciones políticas, económicas y culturales /
_cSecretariado de la Propaganda Nacional.
260 _aLisboa :
_bSecretariado de la Propaganda Nacional,
_c1939-1949 (
_fImp. Editorial Imperio)
300 _a4 v. ;
_c33 cm.
310 _aMensual
362 0 _a1 (31 en. 1939)-(1949)
650 7 _aPolítica
_2embne
_9140345
710 1 _aPortugal.
_bSecretariado de la Propaganda Nacional.
_96247
852 _aES-MaACL
_jHem-636
866 0 _o1943-49
999 _c1668
_d1668